000 00624cam a2200229 4500
008 090401t1997 xxu||||| |||| 00| 0 eng d
020 _a1860811477
035 _a(Sirsi) u78849
041 _aeng
050 _a690
110 _aBuilding Research Establishment
245 _aRepairing and replacing rainwater goods.
260 _aLondon
_bConstruction Research Communications Ltd
_c1997
300 _a6p. : ill. ; 30cm.
350 _a0
490 _aBRE Good Repair Guide
_v9
650 _aGUTTERS
650 _aRAINWATER
690 _aBUILT ENVIRONMENT-BUILDING PATHOLOGY
942 _n0
948 _c10/06/1997
999 _c96494
_d96494